[Event "42nd Olympiad"]
[Site "Baku"]
[Date "2016.09.12"]
[Round "10.1"]
[White "Shirov, Alexei"]
[Black "Bareev, Evgeny"]
[Result "1-0"]
[WhiteElo "2673"]
[BlackElo "2675"]
[Annotator "John Upper"]
[PlyCount "80"]
[EventDate "2016.09.02"]
[EventType "team-swiss"]
[EventRounds "11"]
[EventCountry "AZE"]
[SourceTitle "Chess Canada 2016Olympia"]
[Source "CFC"]
[SourceDate "2016.12.01"]
[WhiteTeam "Latvia"]
[BlackTeam "Canada"]
[WhiteTeamCountry "LAT"]
[BlackTeamCountry "CAN"]

1. e4 {This is a deceptively deep game. Shirov is known and loved for his
attacking play. But you don't get oppportunities to attack unless you can
exploit small advantages well enough that opponents avoid such positions and
risk playing double-edged postions against you. In this game, Shirov shows
that he can create a small positional plus, and turn it into a very
smooth-looking win.... and so gives future opponents reason to pause before
adopting a solid-but-passive opening against him. You might never be able to
learn to play combinations like Shirov, but I think you can learn a lot from
this game.} c6 2. d4 d5 3. e5 Bf5 4. Nf3 e6 5. Be2 Ne7 6. O-O {[#] Since 2010,
Shirov has scored 8.5/9 from this position, conceding only one draw: to Anand
in a rapid game. This might explain Black's next strange-looking move, which
Shirov had never before faced.} Nc8 {GM Vladimir Burmakin has played this many
times. The idea is to play ...Nb6 to discourage c2-c4, then finish developing
with ...Be7 before deciding to break with ...c5 or ...f6} 7. Bd3 $5 {Shirov
spent 18:49 on this Novelty.} (7. b3 {is a principled move, planning to attack
d5 without allowing Black to create an outpost there.} Be7 8. c4 O-O 9. Nc3 Nd7
10. Bd3 Bxd3 11. Qxd3 $14 {White has more space and easier development, and
the c4-pawn gives extra options if Black tries to break with ...f6 or ...c5;
see: Maze,S (2628)-Burmakin,V (2549) Helsingor, 2016 (1-0, 53).}) 7... Bxd3 8.
Qxd3 Nb6 9. a4 a5 10. Nc3 Be7 11. Ne2 {[#]} N6d7 {Black prepares French-style
counterplay with ...c5 and Ns on d7 and c6.} (11... O-O {and ...c5 are both
reasonable too.}) 12. h4 $5 {(13:41) Computers don't like this, but it's a
pretty standard idea, creating the positional threat of Bg5, trading White's
bad B and preparing to go after Black's weakened dark squares.} c5 13. c3 cxd4
14. cxd4 Bxh4 15. Nxh4 Qxh4 16. Qb5 {[#]} Ra7 {Perhaps not a good sign that
Black spent 7 minutes on this move after taking only 1:31 on ...Bxh4.} (16...
b6 {is possible, but makes it hard to develop the queenside and doesn't allow
Black to block the c-file on c6.}) 17. Ra3 O-O 18. Rg3 Kh8 19. Bg5 Qe4 20. Nc3
Qf5 (20... Qxd4 $4 21. Be3 {skewers the Ra7.}) 21. Qe2 {[#] The position
resembles an Alekhine-Chatard attack in the French, where White gives up his
h-pawn to trade dark-square Bs and get a lead in development. One big
difference is that here White still has his own DSB. So Black reasonably tries
to fight for some dark squares with...} f6 (21... Ra6 22. Be7 Re8 (22... Rc8
23. Nb5 $14) 23. Ba3 Nc6 24. Nb5 $16) 22. Nb5 $6 ({White gets a bigger
advantage with the direct} 22. exf6 Nxf6 (22... gxf6 $2 23. Bh6 Rg8 24. Rxg8+
Kxg8 25. g4 $18 {wins the e6-pawn and Black collapses.}) 23. Bxf6 Qxf6 (23...
Rxf6 $2 24. Rf3 $18 Qg6 (24... Qg4 25. Rxf6 $18) 25. Qxe6 $18) 24. Rf3 Qd8 25.
Rxf8+ Qxf8 26. Qxe6 $16) 22... Ra6 23. exf6 Nxf6 24. Bxf6 {[#]} Rxf6 {All
three recaptures are equally good, and White keeps a plus due to his pressure
on the e-file.} 25. Rf3 Qg6 26. Qe5 $1 Nd7 27. Rxf6 $1 (27. Rc3 Rc6 28. Rxc6
bxc6 29. Qc7 Nf8 $11) 27... Nxf6 28. Qb8+ $1 (28. Qc7 $143 {also wins the
b-pawn, but after} Ra8 29. Qxb7 Rf8 $13 {and Black gets some play with ...
Nh5-f4}) 28... Qe8 $8 29. Qxb7 Rc6 30. Nc7 $1 {A nice little two-step maneuver,
after which...} Qd7 31. Qa8+ Ng8 32. Nb5 {...White wins the a-pawn and has
deactivated Black's N.} Rc2 33. Qxa5 Rxb2 34. Qc3 $1 {[#]} Re2 {Material is
equal, but White's outside passer and much better N give him a large advantage.
} (34... Ra2 35. Qb3 Re2 36. a5 $18) 35. Re1 {Safety first?} (35. Ra1 $1 {
leaves the Black rook looking more dangerous than it is:} Qf7 (35... Nf6 $140
36. Qb3 Ne4 37. Nc3 $1 $18 {threatening mate and the R.}) 36. Qf3 $1 $18 {
Black would be fine if his N was on a5, but with the N on g8 he's just lost:}
Qxf3 37. gxf3 Rb2 38. Nd6 {Threatening mate!} Ne7 39. a5 Rb8 40. a6 Ra8 41. a7
Nc6 42. Ra6 Nxa7 43. Nb5 $18) 35... Rxe1+ 36. Qxe1 Ne7 37. Qb4 Kg8 38. Qc5 Qd8
39. Nd6 Qa8 40. Qc7 {[#]} Nf5 (40... Kf8 41. Qd7 {wins e6 with huge threats.})
(40... Nf5 41. Qf7+ Kh8 42. Ne8 h6 43. Qf8+ Kh7 44. Nf6+ {wins the Qa8.}) 1-0

[Event "42nd Olympiad"]
[Site "Baku"]
[Date "2016.09.12"]
[Round "10.18"]
[White "Kovalyov, Anton"]
[Black "Kovalenko, Igor"]
[Result "1-0"]
[WhiteElo "2617"]
[BlackElo "2651"]
[Annotator "Oussedik, Elias"]
[PlyCount "63"]
[EventDate "2016.09.02"]
[EventType "team-swiss"]
[EventRounds "11"]
[EventCountry "AZE"]
[SourceTitle "Chess Canada 2016Olympia"]
[Source "CFC"]
[SourceDate "2016.12.01"]
[WhiteTeam "Canada"]
[BlackTeam "Latvia"]
[WhiteTeamCountry "CAN"]
[BlackTeamCountry "LAT"]

{I am honored to have the opportunity to annote this game for the CFC Newsfeed.
This was Canada's best showing at the Olympiad, ever. This was Canada's 10th
round match vs Latvia. Kovalyov, playing on board 2, was playing Kovalenko, a
former 2700 player. Kovalenko is known as a streaky player while Kovalyov is
as solid as they get.} 1. c4 {Kovalyov rarely changes his openings. He usually
opts for his 1.c4 English.} e5 {A reversed Sicilian.} 2. g3 {1.c4 and 2.g3,
Kovalyov's pet line.} Nf6 3. Bg2 {Diagram [#]} c6 {An interesting nuance.
Normally, Black continues 3...d5 transposing to a true reversed Sicilian. 3...
c6 is logical. Black intends to continue with 4...d5 and build an impressive
pawn mass.} (3... d5 4. cxd5 Nxd5 5. Nc3 Nb6 6. Nf3 Nc6 7. O-O Be7 8. d3 O-O 9.
Be3 Be6 10. Rc1 f6 11. a3 $14 {A main tabiya of sorts. Numerous move-orders
have been essayed.}) 4. d4 {Kovalyov is known as a speedster at the board.
Many players are impressed by the speed at which he makes his moves. 4.d4 took
him 28 seconds, an eternity for Kovalyov's standards!} exd4 5. Qxd4 d5 6. Nf3
Be6 7. cxd5 cxd5 8. O-O Nc6 {Diagram [#] All natural and sensible. Personally,
I prefer White's position. He has a clear target in the d5-pawn. This position
vaguely resembles a Tarrasch. White intends to develop his pieces naturally
and plant a piece on d4 to blockade Black's d5 pawn. Meanwhile, Black intends
to utilize his active pieces and either manage to push the d5-pawn to d4 or to
utilize the e and c files to his advantage.} 9. Qd3 {A novelty! Prepared
novelty, or an at-the-board novelty? Looking at the time it took Kovalyov to
make the move, it would seem like a prepared novelty. It took him all but a
cool 14 seconds to gently retreat his queen to the d3-square.} (9. Qa4 Bc5 10.
Bg5 h6 11. Bxf6 Qxf6 12. Nc3 O-O $11 {This is the mainline. Kovalenko has
numerous games on the black side. This further purports the fact that
Kovalyov's 9.Qd3 was indeed a novely prepared at home prior to the game.  I
personally feel that Black's position here is completely acceptable and that
he has equalized. His active pieces fully compensate for his weak d5 pawn.})
9... h6 {Preventing the possibility of a White bishop installing himself on g5
and exchanging himself for the f6 knight, the guardian of the d5 pawn.} 10. a3
{Preventing any possible ...Nb4 tricks.} Be7 11. Nc3 {White intends to play a
Nb5-d4 maneuver and slowly activate his rooks to the c1 and d1 squares.} O-O
12. Rd1 {[#] Kovalyov is playing bully. He is "ganging-up" on the weak d5 pawn.
} Rc8 13. Bf4 Re8 {As mentioned before, Black's idea in this opening is to use
the c and e files to his advantage.} 14. Rac1 Qb6 (14... a6 {This move would
have been normal. It accomplished two goals:  1) Prevents a white knight from
using the b5 square to maneuver to d4 and,  2) Prevents the ensuing Qb5 that
occurs after Black's 14...Qb6.}) 15. Qb5 $1 {[#] A well known idea in these
positions. The dynamic potential of the isolated queen pawn (IQP) is greatly
diminished once pieces are exchanged. With queens exchanged, White's advantage
only grows.} Na5 $2 {Black is trying to utilize the c4 square for his knight.
A mistake considering after White takes on b6, Black is left with "nasty"
pawns on b6 and b7. Not only the pawns, but the squares. A permanent outpost
for a White knight is secured on b5.} (15... Qxb5 {This would have been a more
prudent approach.} 16. Nxb5 Ne4 17. Nfd4 Nxd4 18. Nxd4 {White is slightly
better here. This is a typical IQP position. White will try to exchange pieces
while keeping rooks on the board and attempt to create a "second weakness".
With one weakness, the d5 pawn, it is not enough to win. With the creation of
a second weakness, which can be accomplished by pushing his kingside pawns and
creating a passed pawn, White would have clear winning chances.}) 16. Qxb6 axb6
17. Nb5 $16 {After 17 moves, White is better. No doubt about it: a beautiful
knight on b5 coupled with Black's weak pawns.} g5 {Kovalenko realized he was
in trouble and spent 20 minutes coming up with this move. The idea is not
clear. White will continue with his plan of exchanging pieces and will
continue 18.Bd6.} 18. Bd6 Rxc1 19. Rxc1 Bd7 20. Bxe7 Rxe7 {Logical chess.
Exchange pieces to negate all of Black's potential dynamic play.} 21. Nc3 $1
$16 {[#] Exclamation mark for the counter-intuitive nature of the move. I had
previously mentioned that typically in such positions, the knight should
reroute itself to d4 to blockade the d-pawn. However, in this case, the d-pawn
is such a weakness that White intends to attack and win it! He intends to
bring his f3-knight to d4 and thus be attacking the d5 pawn with two pieces,
notably the g2-bishop which has just been unleashed.} Nc4 22. Nd4 Nxb2 23. Nxd5
Nxd5 24. Bxd5 Re5 25. e4 {Note Black's weak pawns.. yuck! White's rook will
soon invade on the 7th.} Na4 26. Rc7 Nc5 27. Nb3 {Diagram [#] Critical
Position Removing the defender of the d7-bishop. Fischer first introduced us
to the Rook+Bishop vs Rook+Knight domination and this is precisely what
Kovalyov is aiming for.} Bc6 $2 {A blunder. Not an easy solution. Take a
second and try to find how White can win the exchange.} (27... Nxb3 28. Rxd7
Nc5 29. Rc7 Nxe4 30. Bxf7+ Kf8 31. Bg6 Nc5 $16 {Would have offered better
resistance although White still is better with his better pawn structure and
better pieces.}) 28. Nxc5 $1 {It took Kovalyov a mere 35 seconds to play this
move.} bxc5 (28... Bxd5 29. Nd7 Rxe4 30. Nf6+ $18) 29. f4 {Where does the rook
go?} Bxd5 (29... Re8 30. Bxf7+ $18) 30. fxe5 Bxe4 31. Kf2 Bc6 32. Rxc6 $1 {
A cute way to finish the game. The a-pawn will queen. A logical and frankly
speaking, easy game for Kovalyov. Coupled with a Hansen and Le Siege win,
Canada won the match 3-1 vs Latvia, and impressive showing. This led for quite
the thrilling finale - Canada vs USA BOARD 1!} 1-0

[Event "42nd Olympiad"]
[Site "Baku"]
[Date "2016.09.13"]
[Round "11.4"]
[White "Hansen, Eric"]
[Black "Shankland, Samuel L"]
[Result "1-0"]
[WhiteElo "2582"]
[BlackElo "2679"]
[Annotator "John Upper"]
[PlyCount "83"]
[EventDate "2016.09.02"]
[EventType "team-swiss"]
[EventRounds "11"]
[EventCountry "AZE"]
[SourceTitle "Chess Canada 2016Olympia"]
[Source "CFC"]
[SourceDate "2016.12.01"]
[WhiteTeam "Canada"]
[BlackTeam "United States"]
[WhiteTeamCountry "CAN"]
[BlackTeamCountry "USA"]

1. e4 {(00:00) A key game for the Canadian team, and the last one of their
Olympiad. Black blitzes out a line he had prepared up to move 24 --
sacrificing a a pawn which he should be able to recover -- but gets outplayed
as soon as he gets out of his home prep. The numbers in parenthises indicate
the time per move, and help convey some of the tension of the final round.} e5
{(00:00)} 2. Nf3 {(00:00)} Nc6 {(00:00)} 3. Bb5 {(00:00)} Nf6 {(00:00)} 4. d3 {
[#] An increasingly popular anti-Berlin line. It doesn't give White any
advantage, but it keeps more pieces on the board.} Bc5 {(00:29)} 5. c3 {(00:47)
} O-O {(00:09)} 6. O-O {(00:41)} d6 {(00:03)} 7. h3 {(00:26)} Ne7 {(00:28)} 8.
d4 {(02:07)} Bb6 {(00:04)} 9. Bd3 {(00:11)} Ng6 {(00:08)} 10. Re1 {(01:04) [#]
Shankland might well have expected Eric to play this line, as he had done so
before:} Re8 {(00:10)} (10... c5 {Fressinet,L (2687)-Kramnik,V (2812) Paris 
(rapid), 2016.}) (10... Nh5 11. Be3 Nhf4 12. Bf1 exd4 13. Bxd4 (13. cxd4 $1 $11
) 13... f5 $5 14. e5 dxe5 15. Nxe5 Nxe5 16. Bxe5 Ng6 17. Bd4 (17. Na3 $14)
17... c5 $1 18. Be3 f4 $132 {(0-1, 56) Hansen,E (2567)-McShane,L (2697)
Bundesliga, 2014.}) 11. Nbd2 {(02:22)} c6 {(00:32)} 12. Nf1 {(00:58)} d5 {
(00:23]} 13. Bg5 {(01:13)} dxe4 {(00:05)} 14. Rxe4 {(00:27)} h6 {(00:05)} 15.
Bxf6 {(01:21)} Qxf6 {[#] (00:04)} 16. Re1 {(04:37)} (16. Re3 Bf5 17. Bxf5 Qxf5
18. Ng3 Qd7 19. Nxe5 Nxe5 20. Rxe5 Rxe5 21. dxe5 Qe7 22. Qh5 g6 23. Qe2 (23.
Qxh6 Qxe5 $11) 23... Qg5 24. Kf1 Kf8 25. Re1 Re8 $11 {Karjakin,S (2773)-So,W 
(2770) Bilbao, 2016.}) 16... Bf5 {(00:05)} 17. Bxf5 {(00:28)} Qxf5 {( 00:05)}
18. Ng3 {(00:06)} Qf6 {(00:04)} 19. Nh5 {(02:00)} Qf5 {(00:04)} 20. Ng3 {
(26:47) Eric spent almost 27 minutes on this move, clearly deciding whether or
not to force a draw.} Qf6 {(00:08)} 21. Nh5 {(00:16)} Qf5 {(00:06)} 22. g4 $1 {
(01:33)  [#] Of course, this is an obvious move, avoiding a repetition and
wins a pawn. The problem for White is that the GM playing Black had been
moving almost instantaneously so far, and that pretty much guarantees that
White would be playing into Black's home preparation. So the question isn't
whether Eric thinks the position is better for him or just equal, but whether
his position and his nerves are good enough that he can risk playing it
against Sam Shankland's computers.} Qc8 {(00:16)} 23. Nxe5 {(03:48)} Nxe5 {
(00:05)} 24. dxe5 {(00:07)} Qc7 {(00:21)} 25. Qe2 {(02:24)} Rad8 {[#] (08:51)
Black took almost 9 minutes for this move, the first move of the game where he
had spent more than half a minute. Black spends nearly an hour on his next
four moves, a clear indication that he was now out of his home preparation...
and that he wasn't enjoying his position.} 26. Nf4 {(05:50)} Rd7 {16 minutes
17 seconds, and not the computer's top choice. Stockfish and Houdini both
prefer ...Qe7 and rate it equal: Black threatens to continue with ...Bc7 and ..
.f6.} (26... f6 $2 27. Qc4+ $16) (26... Qe7 27. a4 Qc5 $5 (27... Bc7 $11) 28.
Nd3 Qc4 29. a5 (29. Nb4 $4 Qf4 $19 {threatening ...Qg3+ and ...Rd2.}) 29... Bc7
$11) 27. Kg2 {(01:24)} Kh8 {[#] (22:40)} 28. Rac1 $1 {(09:37) A "mysterious
rook move"? Not really: it improves the rook and prepares to defend the second
rank. Remember: White has an extra pawn; he doesn't have to do anything active,
he just has to finish developing, hold onto the pawn, and not fall for any
tactics on the dark squares.} a6 {(06:47)} 29. Rc2 {(03:19)} Qd8 {(00:58)} (
29... Rde7 30. Nd3 {White is ready to play f4 with an extra pawn and the
initiative, and Black's only try to break up the pawns doesn't work:} f6 $2 (
30... g5 $5 {stops f4, but after} 31. h4 $1 {and White can attack along the
h-file.}) 31. Nf4 $1 Kg8 (31... Kh7 32. Qd3+ {transposes}) 32. Qc4+ Kh7 33. e6
$18 g5 $140 34. Qe4+ $18) 30. Qf3 {(03:38)} Bc7 {(01:02)} 31. Rce2 $16 {
(00:07) White has coordinated his pieces and kept the pawn.} Rd2 {(05:43)} 32.
Rxd2 {(05:06)} Qxd2 {( 00:01)} 33. Re2 {[#] (02:06)} Qd7 $6 {(01:01)} (33...
Qd8 $16 {avoids White's next.}) 34. e6 $1 {(03:00) Changing gears! White has
spent the last 15 moves defending this pawn, and a weaker player would get
stuck with that as his goal; but as soon as he can trade it for a different
advantage Eric takes his chance. A few elementary tactics allow White to
establish a N outpost on e6 while retaining his extra pawn.} fxe6 {(02:53)} 35.
Nxe6 {(01:47)} Bd6 {(00:18)} (35... Rxe6 $2 36. Qf8+ Kh7 37. Qf5+ $18) 36. Qf5
$1 {(01:13)} Re7 {(02:43)} 37. f4 {(04:55)} Qe8 {(02:06) Threatening ...Bxf4.}
38. Kf3 {(03:36)} Kg8 {[#] (01:18)} 39. Qd3 {(01:12)} Bb8 {(01:24)} ({Again,
tactics keep the N alive:} 39... Rxe6 $2 40. Qc4 Kf7 41. f5 $18) 40. f5 {
(00:00) Time control and White is in full control.} Rd7 {(00:00)} 41. Qe4 {
17:24 for this... possibly most of it spent trying to relax.} Qe7 $6 {(03:22)}
42. Nc5 $1 {(00:34) White wins another pawn and Black resigns.} 1-0

[Event "Women's Olympiad"]
[Site "Baku"]
[Date "2016.09.02"]
[Round "1.39"]
[White "Joshi, Sindira"]
[Black "Zhou, Qiyu"]
[Result "0-1"]
[WhiteElo "1574"]
[BlackElo "2367"]
[Annotator "Qiyu Zhou"]
[PlyCount "76"]
[EventDate "2016.09.02"]
[EventType "team-swiss"]
[EventRounds "11"]
[EventCountry "AZE"]
[SourceTitle "Chess Canada 2016Olympia"]
[Source "CFC"]
[SourceDate "2016.12.01"]
[WhiteTeam "Nepal"]
[BlackTeam "Canada"]

1. e4 e5 2. Nf3 Nc6 3. d4 exd4 4. Bc4 Bc5 5. c3 Nf6 6. cxd4 Bb4+ 7. Bd2 {
Diagram [#]} Nxe4 ({editor -} 7... Bxd2+ {is playable, but doesn't give Black
much chance to fight for a win:} 8. Nbxd2 d5 9. exd5 Nxd5 10. Qb3 Na5 {is a
very common GM draw:} 11. Qa4+ Nc6 12. Qb3 Na5 13. Qa4+ Nc6 {½-½ (13) Short,
N (2684)-Korneev,O (2581) Bunratty, 2016.}) 8. Bxb4 Nxb4 9. Bxf7+ Kxf7 10. Qb3+
d5 {Diagram [#]editor - a position with a very long and lively history:} 11.
Qxb4 ({editor -} 11. Ne5+ Ke6 (11... Kg8 12. Qxb4 Qf6 13. O-O c5 14. Qb5 b6 $2
15. Qe8+ Qf8 16. Qc6 Ba6 17. Qxd5+ Qf7 18. Qxf7# {1-0 Greco,G-NN 1620.}) 12.
Qxb4 Qf8 13. Qxf8 Rxf8 14. f3 Ng5 15. Nc3 c6 16. h4 Nf7 17. Nd3 Kd6 18. Kf2 Nd8
19. g3 Ne6 20. Ne2 $11 {(½-½, 55) Hou,Y (2673)-Aronian,L (2797) Wijk aan Zee,
2015.}) 11... Rf8 12. Nc3 {Diagram [#]} Nxc3 $2 ({Much better was} 12... Kg8
13. Nxe4 dxe4 14. Ne5 Qd5 $13) 13. bxc3 $6 {editor - Natural, but the wrong
recapture. After Qxc3! the Q defends the third rank with protects against
kingside attacks with ...Rxf3 or ...Qg5 and ...Bh3.} (13. Ne5+ Kg8 14. Qxc3 $1
$14 {Now Black would have an extremely tough time playing this position, with
White's knight dominating on e5.}) 13... Kg8 14. Ne5 {At first I was a bit
confused as to why White played this after a long think instead of 0-0, but
then I realized White can't castle because of ...Rxf3 and upcoming mate.} (14.
O-O $4 Rxf3 15. gxf3 Bh3 16. Kh1 Qf6 $19) 14... Qg5 {White's king is looking
extremely weak.} 15. g3 $2 {Diagram [#]} (15. O-O $8 Bh3 16. g3 $8 $15) 15...
Rxf2 $1 {I spent a bit more than 20 minutes on this move.} ({The other move I
looked at was} 15... Bh3 16. Qxb7 (16. f4 Qh5 17. Qxb7 Bg2 $19) (16. Qb2 Qh6
17. Rg1 Rae8 {and it becomes very tough for White to play.}) 16... Bg2 17. Rg1
Rab8 {Analysis Diagram [#]} 18. Qc6 (18. f4 Qf5 19. Qa6 Rb2 20. Qd3 Qh3 21.
O-O-O Be4 $19) (18. Qxc7 Rb2 19. f4 Qf5 $19 {with mate in a few moves}) (18.
Qxa7 Rb2 $19) 18... Qf5 (18... Rxf2 {also works} 19. Qe6+ Kh8 20. Nf7+ Rxf7 21.
Qxf7 Qe3+ $19) (18... Rb2 $4 {doesn't work now} 19. Qe6+ Kh8 20. Nf7+ Kg8 21.
Nh6+ Kh8 22. Qg8+ Rxg8 23. Nf7#) 19. Rxg2 Qe4+ 20. Kf1 Rxf2+ 21. Kxf2 Rb2+ 22.
Kf1 Qxg2+ 23. Ke1 Qe2#) 16. Kxf2 Qd2+ 17. Kf3 {Diagram [#]} Bh3 (17... Bf5 {
looked extremely strong too} 18. Rad1 (18. Rhf1 Rf8 19. g4 Be4+ {#3.}) 18...
Be4+ 19. Kg4 Qe2+ 20. Kh4 h6 $19) 18. Rad1 (18. Rhd1 Bg2+ 19. Kg4 Qe2+ 20. Kh4
Qe4+ 21. Ng4 Kh8 {White gets mated:} 22. Qb1 Qe7+ 23. Kh5 Qf7+ 24. Kh4 g5+ {#4.
}) 18... Bg2+ 19. Kg4 Qe2+ 20. Kh4 Bxh1 21. Rxh1 Qe4+ 22. Kh3 Qxh1 {Diagram [#]
} 23. Qe7 (23. Qxb7 Rf8 24. Qxc7 Qf1+ 25. Kh4 Qf6+ 26. Kh3 Qf5+ 27. Kg2 (27. g4
Qf1+ $19) 27... Qf1#) 23... Qf1+ 24. Kh4 Qf6+ 25. Qxf6 gxf6 26. Nd7 Kf7 27. Nc5
b6 28. Nd3 Re8 29. Nf4 c6 30. Kg4 Re3 31. Kf5 Rxc3 32. Nh5 Rc2 33. h4 Rxa2 34.
Kf4 a5 35. Ke3 b5 36. Nf4 a4 37. Nd3 a3 38. Nb4 Rb2 0-1